|
|
|
|
| LEADER |
00000nam a2200000 a 4500 |
| 001 |
vtls009178194 |
| 003 |
SK-MaSNL |
| 005 |
20260301081434.0 |
| 008 |
080128s2007 gw g hd 001 0 ger |
| 020 |
|
|
|a 9783598227950 (viaz. : zv. 55)
|
| 020 |
|
|
|a 9783598227400 (súbor)
|
| 040 |
|
|
|a SNK
|b slo
|c SNK
|e AACR2
|
| 041 |
0 |
|
|a ger
|
| 044 |
|
|
|a gw
|c DE
|
| 072 |
|
7 |
|a 72/76
|x Výtvarné umenie
|2 konspekt
|
| 080 |
|
|
|a 72/76.071.1
|2 2001
|
| 080 |
|
|
|a (031)929
|2 2001
|
| 245 |
0 |
0 |
|a Saur allgemeines Künstlerlexikon
|b die bildenden Künstler aller Zeiten und Völker
|n Band 55
|p Giovanni da Civitella - Glandon
|c [begründet und mitherausgegeben von Günter Meissner]
|
| 246 |
1 |
0 |
|a Giovanni da Civitella - Glandon
|
| 246 |
1 |
3 |
|a Allgemeines Künstlerlexikon
|
| 260 |
|
|
|a München
|b K. G. Saur
|c 2007
|
| 300 |
|
|
|a li, 539 s.
|c 25 cm
|
| 504 |
|
|
|a Lit., reg.
|
| 650 |
0 |
7 |
|a výtvarníci
|2 SNKPH
|9 118705
|
| 655 |
|
7 |
|a biografické slovníky
|2 SNKPH
|9 51960
|
| 700 |
1 |
|
|a Meissner, Günter,
|d 1936-
|4 com
|4 edt
|9 315386
|
| 919 |
|
|
|a 978-3-598-22795-0
|
| 919 |
|
|
|a 978-3-598-22740-0
|
| 999 |
|
|
|c 655893
|d 657823
|
| 952 |
|
|
|t snkALL/55 7(031)
|a SNKUST
|b SNKUST
|y PREZ
|7 0
|p 17A0578391
|o snkIC 122948/55
|i snk2008/4570
|8 4
|g 337.80
|0 0
|1 0
|4 0
|d 2008-01-28
|l 0
|r 2025-03-19 00:00:00
|w 2026-02-23
|